Grootste steden in Spanje - Statistieken

Algemene statistieken
  • Deze quiz is 483 keer genomen
  • De gemiddelde score is 9 van 20
Antwoordstatistieken
Bevolking Stad % Correct
1,627,559 Barcelona
100%
3,277,451 Madrid
100%
788,842 Valencia
92%
345,749 Bilbao
79%
578,063 Málaga
71%
684,340 Sevilla
69%
681,430 Zaragoza
56%
459,778 Murcia
47%
338,768 Alicante
42%
233,680 Granada
39%
297,370 Valladolid
33%
322,327 Córdoba
30%
294,650 Vigo
28%
380,667 Las Palmas
26%
245,541 A Coruña
23%
424,837 Palma de Mallorca
23%
269,311 Gijón
20%
235,566 Elche
10%
252,953 Vitoria-Gasteiz
4%
265,003 L'Hospitalet de Llobregat
2%
Geen overeenkomende quizzen gevonden
Scoreverdeling
Procent van Mensen met Elke Score
Percentiel versus Aantal Correcte Antwoorden
Uw Scoregeschiedenis
U heeft deze quiz nog niet genomen